LEADER 02327nam0 2200445 i 450 001 VAN0103455 005 20220221100444.701 017 70$2N$a978-3-319-06632-5 100 $a20151109d2014 |0itac50 ba 101 $aeng 102 $aCH 105 $a|||| ||||| 200 1 $aGeneral Pontryagin-type stochastic maximum principle and backward stochastic evolution equations in infinite dimensions$fQi Lü, Xu Zhang 210 $aCham$cSpringer$d2014 215 $aIX, 146 p.$d24 cm 410 1$1001VAN0102596$12001 $aSpringerBriefs in mathematics$1210 $aBerlin [etc.]$cSpringer 500 1$3VAN0240956$aGeneral Pontryagin-type stochastic maximum principle and backward stochastic evolution equations in infinite dimensions$91410320 606 $a93E20$xOptimal stochastic control [MSC 2020]$3VANC019946$2MF 606 $a60H10$xStochastic ordinary differential equations [MSC 2020]$3VANC020682$2MF 606 $a60H15$xStochastic partial differential equations (aspects of stochastic analysis) [MSC 2020]$3VANC021488$2MF 606 $a49J55$xExistence of optimal solutions to problems involving randomness [MSC 2020]$3VANC025023$2MF 606 $a49K45$xOptimality conditions for problems involving randomness [MSC 2020]$3VANC029376$2MF 610 $aBackward stochastics evolution equation$9KW:K 610 $aOptimal Control$9KW:K 610 $aPontryagin-type maximum principle$9KW:K 610 $aQuantitative Finance$9KW:K 610 $aStochastic Evolution Equations$9KW:K 610 $aTransportation solution$9KW:K 620 $aCH$dCham$3VANL001889 700 1$aLü$bQi$3VANV080748$0721607 701 1$aZhang$bXu$3VANV080749$0721606 712 $aSpringer $3VANV108073$4650 801 $aIT$bSOL$c20240614$gRICA 856 4 $uhttp://dx.doi.org/10.1007/978-3-319-06632-5$zE-book ? Accesso al full-text attraverso riconoscimento IP di Ateneo, proxy e/o Shibboleth 899 $aBIBLIOTECA CENTRO DI SERVIZIO SBA$2VAN15 912 $fN 912 $aVAN0103455 950 $aBIBLIOTECA CENTRO DI SERVIZIO SBA$d15CONS SBA EBOOK 4613 $e15EB 4613 20191106 996 $aGeneral Pontryagin-type stochastic maximum principle and backward stochastic evolution equations in infinite dimensions$91410320 997 $aUNICAMPANIA LEADER 02268nam0 22004333i 450 001 VAN0260295 005 20231004123559.86 017 70$2N$a9783540373582 100 $a20230627d1977 |0itac50 ba 101 $afre 102 $aDE 105 $a|||| ||||| 200 1 $aAnalyse Harmonique dans les Systemes de Tits Bornologique de Type Affine$fHideya Matsumoto 210 $aBerlin$cSpringer$d1977 215 $a219 p.$d24 cm 461 1$1001VAN0102250$12001 $aLecture notes in mathematics$1210 $aBerlin [etc.]$cSpringer$v590 606 $a22-XX$xTopological groups, Lie groups [MSC 2020]$3VANC020459$2MF 606 $a43A85$xAnalysis on homogeneous spaces [MSC 2020]$3VANC020468$2MF 606 $a20H15$xOther geometric groups, including crystallographic groups [MSC 2020]$3VANC022406$2MF 606 $a43A90$xHarmonic analysis and spherical functions [MSC 2020]$3VANC022551$2MF 606 $a32A25$xIntegral representations; canonical kernels (Szegó, Bergman, etc.) [MSC 2020]$3VANC022689$2MF 606 $a05B25$xCombinatorial aspects of finite geometries [MSC 2020]$3VANC023612$2MF 606 $a46K10$xRepresentations of topological algebras with involution [MSC 2020]$3VANC024704$2MF 606 $a22E50$xRepresentations of Lie and linear algebraic groups over local fields [MSC 2020]$3VANC025029$2MF 606 $a22E20$xGeneral properties and structure of other Lie groups [MSC 2020]$3VANC037590$2MF 610 $aHarmonic analysis$9KW:K 610 $aLie groups$9KW:K 610 $aRepresentation$9KW:K 620 $dBerlin$3VANL000066 700 1$aMatsumoto$bHideya$3VANV214460$048584 712 $aSpringer $3VANV108073$4650 801 $aIT$bSOL$c20240614$gRICA 856 4 $uhttps://doi.org/10.1007/BFb0086707$zE-book ? Accesso al full-text attraverso riconoscimento IP di Ateneo, proxy e/o Shibboleth 899 $aBIBLIOTECA DEL DIPARTIMENTO DI MATEMATICA E FISICA$1IT-CE0120$2VAN08 912 $fN 912 $aVAN0260295 950 $aBIBLIOTECA DEL DIPARTIMENTO DI MATEMATICA E FISICA$d08CONS e-book 6012 $e08eMF6012 20230628 996 $aAnalyse Harmonique dans les Systemes de Tits Bornologique de Type Affine$92830994 997 $aUNICAMPANIA